000 00540cam a2200181 4500500
005 20260405002530.0
041 _afre
042 _adc
100 1 0 _aTenaillon, Nicolas
_eauthor
245 0 0 _aLe sport, c’est salle ?
260 _c2017.
500 _a2
690 _aBaudrillard
690 _aJean Baudrillard
690 _aSport
786 0 _nPhilosophie magazine | 112 | 9 | 2017-09-01 | p. 14-14 | 1951-1787
856 4 1 _uhttps://shs.cairn.info/magazine-philosophie-magazine-2017-9-page-14?lang=fr&redirect-ssocas=7080
999 _c2058592
_d2058592